ESSENTIAL OTOLARYNGOLOGY (Record no. 17898)

MARC details
000 -LEADER
fixed length control field 00298nam a22001457a 4500
003 - CONTROL NUMBER IDENTIFIER
control field SGT
020 ## - INTERNATIONAL STANDARD BOOK NUMBER
International Standard Book Number 9780071212496
082 ## - DEWEY DECIMAL CLASSIFICATION NUMBER
Classification number 617.51
Item number E99L
100 ## - MAIN ENTRY--PERSONAL NAME
Personal name LEE, K.J.
245 ## - TITLE STATEMENT
Title ESSENTIAL OTOLARYNGOLOGY
250 ## - EDITION STATEMENT
Edition statement 8TH
260 ## - PUBLICATION, DISTRIBUTION, ETC. (IMPRINT)
Name of publisher, distributor, etc MC-GROW HILL
Year of Publication 1999
300 ## - PAGE DESCRIPTION
No. of Pages 1136
942 ## - ADDED ENTRY ELEMENTS (KOHA)
Source of classification or shelving scheme Dewey Decimal Classification
Koha item type Books
Holdings
Withdrawn status Lost status Source of classification or shelving scheme Damaged status Not for loan Collection code Home library Current library Shelving location Date acquired Vendor Name Cost, normal purchase price SGTU Bill Number Total Checkouts Full call number Accession No. (Barcode) Date last seen Bill Date Koha item type
    Dewey Decimal Classification   Not For Loan MEDICAL SGT Medical Library SGT Medical Library Reference Book 20/04/2019 DELHI BOOK STORE 1710.00 SGTU 137803   617.51 E99L FM11273 20/04/2019 05/04/2019 Books